Duševné zdravie a jeho ekonomické aspekty vo Veľkej Británii

Ekonomické aspekty psychických porúch vo Veľkej Británii. Závažnosť tejto problematiky. Vzťahy a súvislosti medzi ochorením a nákladovosťou. Časť práce bola venovaná rozsahu a výskytu týchto ochorení - podiel ľudí, ktorí nimi trpia a ekonomický dopad s nimi spojený je vysoký.

Guardado en:
Detalles Bibliográficos
Autor principal: Valačai, Peter, 1989-
Formato: Capítulo de libro
Lenguaje:eslovaco
Materias:
Etiquetas: Agregar Etiqueta
Sin Etiquetas, Sea el primero en etiquetar este registro!

MARC

LEADER 00000nla a2200000 4500
001 0223215
005 20240502073642.8
041 0 |a slo 
044 |a SK 
245 1 0 |a Duševné zdravie a jeho ekonomické aspekty vo Veľkej Británii  |c Peter Valačai 
520 |a Ekonomické aspekty psychických porúch vo Veľkej Británii. Závažnosť tejto problematiky. Vzťahy a súvislosti medzi ochorením a nákladovosťou. Časť práce bola venovaná rozsahu a výskytu týchto ochorení - podiel ľudí, ktorí nimi trpia a ekonomický dopad s nimi spojený je vysoký. 
610 2 0 |a zdravie 
610 2 0 |a choroby duševné 
610 2 0 |a náklady 
610 2 0 |a náklady mimovýrobné 
610 2 0 |a Veľká Británia 
100 1 |a Valačai, Peter, 1989-